00729nam a2200169 a 450000100100000000500170001000800410002704000250006808200150009310000380010824500940014626000680024030000270030804900090033595201980034499900170054200003097820200930062627.0110608s1937 dr ac 000 | spa d aDO-SdBNPbspacBNPHU axxxbP912r1 aPrats-Ramírez, Francisco95203213aLa República Dominicana en la conferencia de Buenos Aires /cFrancisco Prats-Ramírez. aCiudad Trujillo, República Dominicana :bLa Opinión,c1937. a49 p. :bil. ;c18 cm. aBNPD 001050718RVaPDbPDcCTd2011-06-08iLF1l0oxxx P912rp30978-10r2020-06-25w2020-06-25y1zPerteneció a la biblioteca personal de Julio Ortega Frier. Dedicado por el autor.ZNo se presta c30470d30470